Pays avec les meilleurs résultats scolaires - Statistiques

Statistiques générales
  • Ce quiz a été pris 45 fois
  • Le résultat moyen est 5 sur 7
Statistiques - réponses
Hint Réponse % Correct
536 Japon
95%
527 Corée du sud
85%
507 Canada
76%
508 Suisse
66%
503 Pays-Bas
56%
561 Singapour
56%
526 Estonie
22%
Aucun quiz correspondant
Distribution des résultats
% des personnes avec chaque résultat
Percentile par nombre de réponses
Votre historique - résultats
Vous n’avez pas pris ce quiz